000 00933nam0a2200265 4500
001 RU\NLR\bibl\1229519
005 20260405163315.0
010 _a978-5-386-00390-6
_95000
021 _aRU
_b2008-23348
_91285
035 _a(NLR Aleph) 001215805
090 _a107042
_c107042
100 _a20080519d2008 |||y0rusy50 ca
101 1 _arus
_cfre
102 _aRU
105 _ay |||||||||
200 1 _aТара Дункан и Проклятый Скипетр
_fСофи Одуин-Мамикониан
_g[пер. с фр. Т.А. Источниковой]
210 _aМосква
_cРипол-классик
_d2008
215 _a364, [3] с.
_cил.
_d21
686 _aШ6(4Фр)67-445{Лх1649-62}
700 1 _4070
_8rus
_7ca
_aОдуин-Мамикониан
_bС.
_f1961-
_gСофи
_3RU\NLR\auth\7769463
_952391
801 0 _aRU
_bNLR
_c20080519
_gRCR
801 1 _aRU
_bNLR
_c20080519
942 _cBOOK
980 _aNB